முகாமைத்துவக் கொள்கைகள் ஓா் அறிமுகம்

Saved in:
Bibliographic Details
Main Author: சந்திரசேனரன்
Format: Book
Language:English
Published: கொழும்பு சேமமடு புத்தகசாலை 2024
Tags: Add Tag
No Tags, Be the first to tag this record!

MARC

LEADER 00000nam a22000007a 4500
005 20251205092357.0
008 251205b |||||||| |||| 00| 0 eng d
020 |a 9789551857073 
082 |a 650  |b சந்தி 
100 |a சந்திரசேனரன் 
245 |a முகாமைத்துவக் கொள்கைகள் ஓா் அறிமுகம்  |c பேராசிரியா் சோ.சந்திரசேகரன் 
260 |a கொழும்பு  |b சேமமடு புத்தகசாலை  |c 2024 
300 |a 122 
942 |c BK 
999 |c 16497  |d 16497